000 00777nam a22002537a 4500
003 PE SENCICO BE
005 20251020182627.0
008 230220b |||||||| |||| 00| 0 eng d
020 _a978-3-8365-6077-1
040 _aPE SENCICO BE
_cPE SENCICO BE
041 _aspa
082 _a720.92
_bJ64
100 1 _9373
_aJodidio, Philip
_eautor
245 1 _aRenzo Piano, building workshop :
_bla poesĂ­a del vuelo /
_cPhilip Jodidio
250 _a[1a ed.]
260 _aKoln :
_bTaschen,
_c2016
300 _a96 p. :
_bil. col., fotog.,
_c26 cm.
504 _aBibliografĂ­a: p. 96.
600 1 0 _9649
_aPiano, Renzo
650 1 4 _9282
_aArquitectos
650 2 4 _9191
_aArquitectura moderna
910 _bhfp
_chfp
942 _2ddc
_cLIB
_h720.92
_iJ64
999 _c3839
_d3839